[Event "MISTRZOSTWA MIEDZYWOJEWODZKIE JUNIOROW O"]
[Site "Pokrzywna, OW SUDETY"]
[Date "2021.??.??"]
[Round "1.1"]
[White "Wierzbicki, Dawid"]
[Black "Galla, Wiktor"]
[Result "1-0"]
[WhiteElo "1603"]
[BlackElo "1248"]
[PlyCount "89"]
[EventDate "2021.??.??"]

1. c4 e6 2. Nf3 d5 3. e3 Nf6 4. Nc3 c6 5. d4 Bb4 6. a3 Bxc3+ 7. bxc3 Nbd7 8.
Qc2 Ne4 9. Bd3 f5 10. O-O Qa5 11. cxd5 cxd5 12. Bb2 O-O 13. c4 Nb6 14. c5 Na4
15. Ne5 b5 16. f3 Nf6 17. Bc1 a6 18. Bd2 Qc7 19. Bb4 a5 20. Bxb5 axb4 21. Bxa4
bxa3 22. Rxa3 Nd7 23. Nc6 Ba6 24. Rfa1 Bc4 25. Nb4 Rfb8 26. Nd3 Bxd3 27. Qxd3
Nf6 28. Bd7 Rxa3 29. Bxe6+ Kf8 30. Qxa3 Qe7 31. Bxf5 g6 32. Bc2 Kg8 33. Re1 Rb7
34. e4 dxe4 35. fxe4 Kg7 36. Qc3 Rc7 37. c6 Qe6 38. d5 Qe8 39. Qd4 h5 40. Rf1
Rf7 41. e5 Ng4 42. e6+ Rf6 43. h3 Qe7 44. hxg4 hxg4 45. c7 1-0

[Event "MISTRZOSTWA MIEDZYWOJEWODZKIE JUNIOROW O"]
[Site "Pokrzywna, OW SUDETY"]
[Date "2021.??.??"]
[Round "1.2"]
[White "Osinski, Maksymilian"]
[Black "Dylong, Antoni"]
[Result "0-1"]
[WhiteElo "1234"]
[BlackElo "1525"]
[PlyCount "114"]
[EventDate "2021.??.??"]

1. e4 e6 2. d4 d5 3. exd5 exd5 4. Bd3 Nf6 5. Nf3 Bd6 6. Bg5 O-O 7. O-O Bg4 8.
c3 Nbd7 9. Nbd2 c6 10. Qc2 Qc7 11. h3 Bh5 12. c4 dxc4 13. Bxc4 Bf4 14. Bxf6
Nxf6 15. Nh4 Kh8 16. Rfe1 Rae8 17. Ne4 Qa5 18. Kf1 Nxe4 19. Rxe4 Qd2 20. Rxe8
Rxe8 21. Qxd2 Bxd2 22. g4 Bg6 23. Nf3 Bf4 24. Re1 Rxe1+ 25. Kxe1 b5 26. Bb3 f6
27. Ke2 Bc1 28. d5 cxd5 29. Bxd5 Bxb2 30. Kd2 b4 31. Bb3 Be4 32. Ke3 Bxf3 33.
Kxf3 Bd4 34. Ke2 g5 35. Be6 Kg7 36. f3 Kf8 37. Kd3 Bc3 38. Kc4 Ke7 39. Bg8 h6
40. a3 a5 41. axb4 axb4 42. Kd3 Kd6 43. Ke4 Kc5 44. f4 gxf4 45. Kxf4 Kd4 46. h4
Be1 47. h5 Kc3 48. Ke3 Bd2+ 49. Ke2 Kc2 50. Bh7+ Kc1 51. Bg8 Bg5 52. Kd3 Kb2
53. Kc4 Bd2 54. Bh7 b3 55. Kd3 Kc1 56. Bf5 b2 57. Ke2 Bg5 0-1

[Event "MISTRZOSTWA MIEDZYWOJEWODZKIE JUNIOROW O"]
[Site "Pokrzywna, OW SUDETY"]
[Date "2021.??.??"]
[Round "1.3"]
[White "Rozek, Michal"]
[Black "Bytomski, Borys"]
[Result "1-0"]
[WhiteElo "1462"]
[BlackElo "1183"]
[PlyCount "69"]
[EventDate "2021.??.??"]

1. e4 e5 2. Nf3 Nc6 3. Bc4 Nf6 4. d3 Bc5 5. O-O O-O 6. Nbd2 Qe7 7. a4 a5 8. h3
d6 9. c3 Bd7 10. Re1 Rfe8 11. Nf1 h6 12. Ng3 Rab8 13. Nh4 Nh7 14. Nhf5 Bxf5 15.
Nxf5 Qf6 16. Be3 Bxe3 17. Rxe3 Ne7 18. Qg4 Nxf5 19. Rf3 Ng5 20. Rxf5 Qe7 21. f4
exf4 22. Rxf4 c6 23. Raf1 Rf8 24. Rf5 Rbd8 25. Rxa5 d5 26. exd5 cxd5 27. Rxd5
Rxd5 28. Bxd5 Qe3+ 29. Kh1 Qxd3 30. Qc4 Qxc4 31. Bxc4 Ne4 32. Rf4 Nd2 33. Bd5
g5 34. Rf2 Nb1 35. Ba2 1-0

[Event "MISTRZOSTWA MIEDZYWOJEWODZKIE JUNIOROW O"]
[Site "Pokrzywna, OW SUDETY"]
[Date "2021.??.??"]
[Round "1.4"]
[White "Kozik, Maksymilian"]
[Black "Duda, Leon"]
[Result "0-1"]
[WhiteElo "1181"]
[BlackElo "1407"]
[PlyCount "88"]
[EventDate "2021.??.??"]

1. e4 c5 2. Nf3 Nc6 3. d4 cxd4 4. Nxd4 e5 5. Nb5 a6 6. N5a3 Nf6 7. Bd3 d5 8.
exd5 Qxd5 9. O-O Bc5 10. Nc3 Qe6 11. Bc4 Qe7 12. Nd5 Nxd5 13. Bxd5 Be6 14. Bxe6
Qxe6 15. Be3 Bxe3 16. fxe3 O-O 17. c3 Rad8 18. Qe2 Rd7 19. Rfd1 Rfd8 20. Rxd7
Rxd7 21. Nc4 b5 22. Nd2 Qd5 23. Nf3 Qd3 24. Qxd3 Rxd3 25. Kf2 f6 26. Ke2 e4 27.
Nd4 Ne5 28. Rd1 Rxd1 29. Kxd1 Nc4 30. Ke2 Nxb2 31. Nf5 g6 32. Ng3 f5 33. Nf1
Na4 34. Kd2 Kf7 35. Kc2 Nb6 36. Kb3 Ke6 37. Kb4 Nd5+ 38. Ka5 Nxc3 39. Kxa6 Kd5
40. a3 Kc4 41. Ka5 Nb1 42. a4 bxa4 43. Kxa4 Kd3 44. Kb5 Ke2 0-1

[Event "MISTRZOSTWA MIEDZYWOJEWODZKIE JUNIOROW O"]
[Site "Pokrzywna, OW SUDETY"]
[Date "2021.??.??"]
[Round "1.5"]
[White "Karwot, Marek"]
[Black "Zimny, Karol"]
[Result "1-0"]
[WhiteElo "1382"]
[BlackElo "1144"]
[PlyCount "117"]
[EventDate "2021.??.??"]

1. b3 d5 2. Bb2 c6 3. d3 Nf6 4. Nd2 Bf5 5. g3 e6 6. Bg2 Nbd7 7. Ngf3 Be7 8. O-O
O-O 9. Re1 h6 10. Ne5 Nxe5 11. Bxe5 Nd7 12. Bb2 Bf6 13. Bxf6 Nxf6 14. e4 dxe4
15. Nxe4 Rc8 16. Qe2 Qe7 17. Rad1 Rfd8 18. h4 Nd5 19. Qd2 b6 20. Nc3 Nxc3 21.
Qxc3 Qd6 22. Be4 Bxe4 23. Rxe4 f6 24. Qc4 Qd5 25. Rxe6 Qxc4 26. bxc4 Kf7 27.
Rde1 Rc7 28. R1e2 c5 29. a4 Rcd7 30. Kg2 g5 31. hxg5 hxg5 32. Kf3 Kg6 33. Rc6
Rd6 34. Rc7 R8d7 35. Re7 Rxc7 36. Rxc7 a5 37. g4 f5 38. gxf5+ Kxf5 39. Rf7+ Kg6
40. Re7 Kf6 41. Re4 Rd7 42. Ke3 Kf5 43. c3 Rc7 44. f3 Rc6 45. Re8 Kf6 46. Ke4
Rd6 47. d4 cxd4 48. cxd4 Kf7 49. Re5 Kf6 50. Rf5+ Kg6 51. d5 Rd8 52. Re5 Rf8
53. Re6+ Kh5 54. d6 Rf4+ 55. Ke3 Rf8 56. d7 Rd8 57. Rd6 g4 58. fxg4+ Kxg4 59.
Ke4 1-0

[Event "MISTRZOSTWA MIEDZYWOJEWODZKIE JUNIOROW O"]
[Site "Pokrzywna, OW SUDETY"]
[Date "2021.??.??"]
[Round "1.6"]
[White "Sokolowski, Antoni"]
[Black "Wandor, Adam"]
[Result "0-1"]
[WhiteElo "1137"]
[BlackElo "1355"]
[PlyCount "96"]
[EventDate "2021.??.??"]

1. d4 d5 2. c4 e6 3. e3 Nf6 4. Nc3 Be7 5. Nf3 O-O 6. Bd3 c6 7. O-O Nbd7 8. Bd2
h6 9. h3 Re8 10. Rc1 dxc4 11. Bxc4 Nb6 12. Qb3 Nfd5 13. Bxd5 exd5 14. Na4 Nc4
15. Bb4 Bxb4 16. Qxb4 Qd6 17. Qxd6 Nxd6 18. Nc5 f6 19. Rfe1 Bf5 20. Nd2 Re7 21.
a3 Rae8 22. a4 Ne4 23. Ncxe4 Bxe4 24. Nxe4 Rxe4 25. Rc3 Rxd4 26. b3 Rd2 27.
Rec1 d4 28. exd4 Rxd4 29. Rc4 Ree4 30. Rxd4 Rxd4 31. Rc3 Kf7 32. Re3 Rd5 33.
Kf1 b6 34. Ke2 Re5 35. Rxe5 fxe5 36. Kd3 Ke6 37. Ke4 a5 38. g3 g6 39. h4 h5 40.
f4 exf4 41. Kxf4 b5 42. Ke4 bxa4 43. bxa4 c5 44. Kd3 Kd5 45. Kc3 c4 46. Kb2 Kd4
47. Kb1 Kd3 48. Kc1 Kc3 0-1

[Event "MISTRZOSTWA MIEDZYWOJEWODZKIE JUNIOROW O"]
[Site "Pokrzywna, OW SUDETY"]
[Date "2021.??.??"]
[Round "1.7"]
[White "Niemczyk, Krzysztof"]
[Black "Nowara, Filip"]
[Result "1-0"]
[WhiteElo "1316"]
[BlackElo "1100"]
[PlyCount "50"]
[EventDate "2021.??.??"]

1. e4 d5 2. exd5 Nf6 3. Bb5+ Nbd7 4. d4 Nxd5 5. Nf3 a6 6. Be2 g6 7. O-O Bg7 8.
Re1 N7b6 9. Bg5 h6 10. Bh4 Bf5 11. c3 Qd7 12. Bg3 O-O-O 13. b4 Bxb1 14. Qxb1
Nxc3 15. Qc2 Nba4 16. Rac1 b5 17. Qb3 Qc6 18. Bd3 e6 19. Kf1 Rhf8 20. Be5 f6
21. Bg3 e5 22. Bxg6 exd4 23. Re7 Qc4+ 24. Qxc4 bxc4 25. Rxc7+ Kb8 1-0

[Event "MISTRZOSTWA MIEDZYWOJEWODZKIE JUNIOROW O"]
[Site "Pokrzywna, OW SUDETY"]
[Date "2021.??.??"]
[Round "2.1"]
[White "Wandor, Adam"]
[Black "Wierzbicki, Dawid"]
[Result "1/2-1/2"]
[WhiteElo "1355"]
[BlackElo "1603"]
[PlyCount "54"]
[EventDate "2021.??.??"]

1. e4 g6 2. Nf3 Bg7 3. Bc4 e6 4. O-O Ne7 5. d4 d5 6. exd5 exd5 7. Bb3 O-O 8. h3
c6 9. Re1 Nf5 10. c3 Qc7 11. Bc2 Be6 12. Nbd2 a5 13. Nf1 h6 14. Bxf5 Bxf5 15.
Nh4 Bc8 16. Ng3 Nd7 17. Nf3 Qd6 18. Bd2 b6 19. Qc1 Kh7 20. Bf4 Qf6 21. Ng5+
hxg5 22. Bxg5 Qd6 23. Bf4 Qf6 24. Bg5 Qd6 25. Bf4 Qf6 26. Bg5 Qd6 27. Bf4 Qf6
1/2-1/2

[Event "MISTRZOSTWA MIEDZYWOJEWODZKIE JUNIOROW O"]
[Site "Pokrzywna, OW SUDETY"]
[Date "2021.??.??"]
[Round "2.2"]
[White "Dylong, Antoni"]
[Black "Karwot, Marek"]
[Result "1/2-1/2"]
[WhiteElo "1525"]
[BlackElo "1382"]
[PlyCount "72"]
[EventDate "2021.??.??"]

1. d4 Nf6 2. Nf3 g6 3. e3 Bg7 4. Be2 O-O 5. O-O d5 6. c4 e6 7. Nc3 b6 8. b3 c5
9. Bb2 Ne4 10. Qc2 Bb7 11. Rad1 Nxc3 12. Bxc3 Nd7 13. Ne5 Nxe5 14. dxe5 Qg5 15.
f4 Qe7 16. Bf3 Rad8 17. cxd5 Bxd5 18. e4 Bb7 19. Rxd8 Rxd8 20. Rd1 Kf8 21. Kf1
Ke8 22. Rxd8+ Qxd8 23. Qd2 Qxd2 24. Bxd2 Ba6+ 25. Be2 Bxe2+ 26. Kxe2 h5 27. h3
f5 28. Kf3 Bf8 29. g4 hxg4+ 30. hxg4 Kd7 31. g5 fxe4+ 32. Kxe4 Kc6 33. a4 a5
34. Bc3 Be7 35. Be1 Bd8 36. Bd2 Be7 1/2-1/2

[Event "MISTRZOSTWA MIEDZYWOJEWODZKIE JUNIOROW O"]
[Site "Pokrzywna, OW SUDETY"]
[Date "2021.??.??"]
[Round "2.3"]
[White "Hryniewicz, Maciej"]
[Black "Rozek, Michal"]
[Result "0-1"]
[WhiteElo "1291"]
[BlackElo "1462"]
[PlyCount "66"]
[EventDate "2021.??.??"]

1. e4 e5 2. Nf3 Nc6 3. Nc3 Nf6 4. d4 exd4 5. Nxd4 Bc5 6. Be3 Bb6 7. Bc4 O-O 8.
O-O Re8 9. f3 d5 10. Bb3 dxe4 11. Nce2 exf3 12. Rxf3 Bg4 13. Bf2 Bxf3 14. gxf3
Nxd4 15. Nxd4 c5 16. Nf5 Qxd1+ 17. Rxd1 Rad8 18. Rf1 Nd5 19. Kh1 Re5 20. Ng3
Ne3 21. Rg1 Nd1 22. Be1 c4 23. Rf1 cxb3 24. axb3 Ne3 25. Rf2 Nxc2 26. Rxc2
Rxe1+ 27. Kg2 Red1 28. Rc3 R1d2+ 29. Kh1 Rxb2 30. Rc1 Be3 31. Re1 Bf2 32. Rf1
Bxg3 33. hxg3 Rdd2 0-1

[Event "MISTRZOSTWA MIEDZYWOJEWODZKIE JUNIOROW O"]
[Site "Pokrzywna, OW SUDETY"]
[Date "2021.??.??"]
[Round "2.4"]
[White "Duda, Leon"]
[Black "Niemczyk, Krzysztof"]
[Result "1-0"]
[WhiteElo "1407"]
[BlackElo "1316"]
[PlyCount "97"]
[EventDate "2021.??.??"]

1. e4 e5 2. Nf3 Nc6 3. Bc4 Nf6 4. d4 exd4 5. e5 d5 6. Bb5 Ne4 7. Nxd4 Bd7 8.
Bxc6 bxc6 9. O-O Bc5 10. Be3 Bb6 11. f3 Ng5 12. f4 Ne4 13. Nd2 Nxd2 14. Qxd2
Qe7 15. c3 c5 16. Nb3 c6 17. Qf2 c4 18. Nd4 O-O 19. Rfe1 Rad8 20. Rad1 c5 21.
Nf3 Bg4 22. Rd2 Bxf3 23. gxf3 Qc7 24. Red1 Qc6 25. f5 Rfe8 26. Qg3 Kh8 27. f4
f6 28. e6 Rd6 29. Qg2 g6 30. Rxd5 Rxd5 31. Qxd5 Qxd5 32. Rxd5 gxf5 33. Rxf5
Rxe6 34. Bxc5 Kg7 35. Rd5 Re2 36. Bxb6 axb6 37. Rb5 Re6 38. Kf2 Kf7 39. Rb4 Rc6
40. Ke3 Ke7 41. Kd4 Ke6 42. Rxc4 Rxc4+ 43. Kxc4 Kf5 44. a4 Kxf4 45. b4 Ke5 46.
Kd3 h5 47. a5 bxa5 48. bxa5 Kd5 49. c4+ 1-0

[Event "MISTRZOSTWA MIEDZYWOJEWODZKIE JUNIOROW O"]
[Site "Pokrzywna, OW SUDETY"]
[Date "2021.??.??"]
[Round "2.5"]
[White "Galla, Wiktor"]
[Black "Banaczyk, Piotr"]
[Result "1-0"]
[WhiteElo "1248"]
[BlackElo "1265"]
[PlyCount "73"]
[EventDate "2021.??.??"]

1. Nf3 e6 2. c4 d5 3. e3 c5 4. d4 Nf6 5. b3 Nc6 6. Bb2 Qb6 7. Be2 cxd4 8. Nxd4
Bb4+ 9. Bc3 Nxd4 10. Qxd4 Qxd4 11. exd4 Bd6 12. Nd2 O-O 13. O-O Bd7 14. Bf3 Bc6
15. Rfe1 Rac8 16. c5 Be7 17. a4 Nd7 18. b4 a6 19. Be2 Nf6 20. b5 axb5 21. axb5
Bd7 22. Ra7 Rb8 23. c6 Be8 24. Rxb7 Rxb7 25. cxb7 Bd6 26. Ra1 Bd7 27. Ra8 Rb8
28. Bb4 Ne8 29. Bxd6 Rxb7 30. Nb3 h6 31. Nc5 Rb6 32. Nxd7 Rxd6 33. Rxe8+ Kh7
34. Nf8+ Kg8 35. b6 f6 36. b7 Rb6 37. b8=Q 1-0

[Event "MISTRZOSTWA MIEDZYWOJEWODZKIE JUNIOROW O"]
[Site "Pokrzywna, OW SUDETY"]
[Date "2021.??.??"]
[Round "2.6"]
[White "Nowara, Filip"]
[Black "Osinski, Maksymilian"]
[Result "0-1"]
[WhiteElo "1100"]
[BlackElo "1234"]
[PlyCount "99"]
[EventDate "2021.??.??"]

1. e4 e5 2. f4 exf4 3. Bc4 Qh4+ 4. Kf1 Nc6 5. Nf3 Qe7 6. Nc3 Nf6 7. Ng5 Ne5 8.
Bb3 h6 9. Nf3 d6 10. d4 Ng6 11. Qd3 Be6 12. Ba4+ Bd7 13. Nb5 Bxb5 14. Qxb5+ c6
15. Qc4 Qxe4 16. h4 Ne7 17. Bd2 b5 18. Bxb5 cxb5 19. Qxb5+ Qc6 20. Qb3 Ne4 21.
Bxf4 Nd5 22. Bh2 Be7 23. Re1 Nef6 24. c4 Nb6 25. c5 dxc5 26. Ne5 Qd5 27. Qb5+
Kf8 28. Nc6 cxd4 29. Nxa7 Qxb5+ 30. Nxb5 Rxa2 31. Nxd4 Rxb2 32. Nf5 Bc5 33.
Bd6+ Bxd6 34. Nxd6 Rd2 35. Nf5 Nbd5 36. Rh3 g6 37. Ne3 Nxe3+ 38. Rhxe3 Kg7 39.
Rg3 Re8 40. Rxe8 Nxe8 41. Kg1 h5 42. Rf3 Nf6 43. Kh2 Ng4+ 44. Kg3 Ne5 45. Rf4
Rd3+ 46. Kf2 Ng4+ 47. Ke2 Re3+ 48. Kf1 f5 49. Rf3 Nh2+ 50. Kg1 0-1

[Event "MISTRZOSTWA MIEDZYWOJEWODZKIE JUNIOROW O"]
[Site "Pokrzywna, OW SUDETY"]
[Date "2021.??.??"]
[Round "2.7"]
[White "Bytomski, Borys"]
[Black "Sokolowski, Antoni"]
[Result "1/2-1/2"]
[WhiteElo "1183"]
[BlackElo "1137"]
[PlyCount "70"]
[EventDate "2021.??.??"]

1. e4 c5 2. Nf3 d6 3. d4 cxd4 4. Nxd4 Nf6 5. Nc3 g6 6. Bg5 Bg7 7. Bc4 Bd7 8.
O-O Nc6 9. Nxc6 Bxc6 10. Qe2 O-O 11. Rad1 Qb6 12. Bb3 Qc5 13. Be3 Qe5 14. f4
Qh5 15. Qxh5 Nxh5 16. Bd4 a6 17. e5 dxe5 18. fxe5 Bh6 19. Bc5 Rae8 20. Rf2 Kg7
21. g3 f6 22. exf6+ Nxf6 23. Rdf1 b5 24. Ne2 Bd5 25. Bxd5 Nxd5 26. Rxf8 Rxf8
27. Rxf8 Kxf8 28. Kf2 Bg7 29. c3 Kf7 30. Kf3 e5 31. g4 Ke6 32. Ng3 Nf4 33. Ke4
Nd5 34. Kf3 Nf4 35. Ke4 Nd5 1/2-1/2

[Event "MISTRZOSTWA MIEDZYWOJEWODZKIE JUNIOROW O"]
[Site "Pokrzywna, OW SUDETY"]
[Date "2021.??.??"]
[Round "3.1"]
[White "Rozek, Michal"]
[Black "Duda, Leon"]
[Result "1/2-1/2"]
[WhiteElo "1462"]
[BlackElo "1407"]
[PlyCount "60"]
[EventDate "2021.??.??"]

1. e4 c5 2. Nf3 a6 3. g3 Nc6 4. Bg2 d6 5. O-O g6 6. d4 cxd4 7. Nxd4 Bg7 8. Nxc6
bxc6 9. Nc3 Bb7 10. Bf4 e5 11. Be3 Ne7 12. Qd2 d5 13. Bc5 d4 14. Ne2 h5 15. f4
Bh6 16. Qb4 Rb8 17. Bd6 a5 18. Qc5 Ba6 19. Qxe5 f6 20. Qxf6 Rf8 21. Bxe7 Rxf6
22. Bxd8 Kxd8 23. e5 Bxe2 24. Rfe1 Re6 25. Rxe2 Rxb2 26. Kf2 Bf8 27. Kf3 Bb4
28. Ke4 Bc3 29. f5 gxf5+ 30. Kxf5 Ke7 1/2-1/2

[Event "MISTRZOSTWA MIEDZYWOJEWODZKIE JUNIOROW O"]
[Site "Pokrzywna, OW SUDETY"]
[Date "2021.??.??"]
[Round "3.2"]
[White "Wierzbicki, Dawid"]
[Black "Dylong, Antoni"]
[Result "1-0"]
[WhiteElo "1603"]
[BlackElo "1525"]
[PlyCount "60"]
[EventDate "2021.??.??"]

1. e4 e6 2. d3 c5 3. Nf3 b6 4. Nbd2 Bb7 5. g3 d6 6. Bg2 Be7 7. O-O Nd7 8. Re1
Ngf6 9. c3 O-O 10. d4 cxd4 11. cxd4 Rc8 12. b3 d5 13. e5 Ne8 14. Nf1 Nc7 15. a4
Na6 16. Ne3 Nb4 17. Qd2 a5 18. Ba3 Nb8 19. Rec1 Qd7 20. Ne1 Ba6 21. Bf1 Bxf1
22. Kxf1 N8c6 23. f4 f6 24. exf6 Bxf6 25. Nf3 g5 26. fxg5 Bxd4 27. Kg2 Bxa1 28.
Rxa1 Qg7 29. Bb2 Qg6 30. Ng4 Qc2 1-0

[Event "MISTRZOSTWA MIEDZYWOJEWODZKIE JUNIOROW O"]
[Site "Pokrzywna, OW SUDETY"]
[Date "2021.??.??"]
[Round "3.3"]
[White "Karwot, Marek"]
[Black "Wandor, Adam"]
[Result "1/2-1/2"]
[WhiteElo "1382"]
[BlackElo "1355"]
[PlyCount "93"]
[EventDate "2021.??.??"]

1. e4 c5 2. Nf3 g6 3. d4 cxd4 4. Nxd4 Bg7 5. c4 Nc6 6. Be3 Qb6 7. Nb5 Qa5+ 8.
N5c3 Nf6 9. f3 O-O 10. Be2 d6 11. O-O a6 12. Na3 Qc7 13. Qd2 h5 14. Rac1 Qa5
15. Nc2 Be6 16. Nd4 Nxd4 17. Bxd4 Rac8 18. b3 Kh7 19. Be3 Rc7 20. Rfd1 Rfc8 21.
a4 Qb4 22. Qc2 Bh6 23. Bxh6 Qc5+ 24. Kh1 Kxh6 25. Qd2+ Kh7 26. Qd4 Qxd4 27.
Rxd4 Nd7 28. Rf1 Nc5 29. Bd1 f6 30. h3 Bf7 31. f4 Rc6 32. a5 e5 33. fxe5 dxe5
34. Rd2 Kg7 35. Re1 b6 36. Nd5 Bxd5 37. cxd5 Rd6 38. axb6 Rxb6 39. Rc2 Rbb8 40.
Rc3 Nd7 41. Ree3 Kf7 42. g4 hxg4 43. Bxg4 Ke7 44. Kg2 Kd6 45. Rf3 Rxc3 46. Rxc3
Nc5 47. Bd1 1/2-1/2

[Event "MISTRZOSTWA MIEDZYWOJEWODZKIE JUNIOROW O"]
[Site "Pokrzywna, OW SUDETY"]
[Date "2021.??.??"]
[Round "3.4"]
[White "Niemczyk, Krzysztof"]
[Black "Galla, Wiktor"]
[Result "1-0"]
[WhiteElo "1316"]
[BlackElo "1248"]
[PlyCount "101"]
[EventDate "2021.??.??"]

1. e4 e6 2. d4 d5 3. Nd2 c5 4. exd5 exd5 5. Ngf3 Nc6 6. Bb5 Nf6 7. O-O Be7 8.
dxc5 O-O 9. Bxc6 bxc6 10. b4 Bg4 11. Nb3 Ne4 12. Bb2 Rb8 13. a3 Bf6 14. Bxf6
Qxf6 15. Re1 Ng5 16. Nbd4 Rfe8 17. Qd3 Nxf3+ 18. Nxf3 Bf5 19. Qd2 Be4 20. Nd4
Qg6 21. f3 Bf5 22. c3 h5 23. Qf4 Bh3 24. Qg3 Qxg3 25. hxg3 Bd7 26. Kf2 g6 27.
Ra2 Rxe1 28. Kxe1 a6 29. Re2 Kf8 30. Kd2 Re8 31. Rxe8+ Kxe8 32. a4 Kd8 33. Ke3
Kc7 34. Kf4 f6 35. Ke3 g5 36. Kd3 h4 37. gxh4 gxh4 38. Ke3 h3 39. gxh3 Bxh3 40.
Kf2 Kd7 41. Kg3 Bf1 42. Kg4 Bd3 43. Kh5 Kc7 44. Kh6 Kd7 45. Kg7 f5 46. f4 Be4
47. Kf6 Kc7 48. Nxf5 Kd7 49. Nd4 Kc7 50. Ke7 Kb7 51. f5 1-0

[Event "MISTRZOSTWA MIEDZYWOJEWODZKIE JUNIOROW O"]
[Site "Pokrzywna, OW SUDETY"]
[Date "2021.??.??"]
[Round "3.5"]
[White "Osinski, Maksymilian"]
[Black "Hryniewicz, Maciej"]
[Result "0-1"]
[WhiteElo "1234"]
[BlackElo "1291"]
[PlyCount "64"]
[EventDate "2021.??.??"]

1. e4 c5 2. Nf3 Nc6 3. d4 cxd4 4. Nxd4 Nf6 5. Nc3 e5 6. Ndb5 d6 7. Bg5 a6 8.
Na3 b5 9. Bxf6 gxf6 10. Nd5 f5 11. Bd3 Be6 12. c4 bxc4 13. Nxc4 fxe4 14. Bxe4
Rc8 15. Qa4 Bxd5 16. Bxd5 Qc7 17. Na5 Qxa5+ 18. Qxa5 Nxa5 19. b4 Nc6 20. Rc1
Ne7 21. Rxc8+ Nxc8 22. Bb7 Kd7 23. Bxa6 d5 24. O-O Bxb4 25. Rb1 Bd6 26. Rb7+
Bc7 27. Bb5+ Kd6 28. a4 Ne7 29. Ra7 Rb8 30. Kf1 Nf5 31. Bd3 e4 32. Bb5 Nd4 0-1

[Event "MISTRZOSTWA MIEDZYWOJEWODZKIE JUNIOROW O"]
[Site "Pokrzywna, OW SUDETY"]
[Date "2021.??.??"]
[Round "3.6"]
[White "Banaczyk, Piotr"]
[Black "Zimny, Karol"]
[Result "1/2-1/2"]
[WhiteElo "1265"]
[BlackElo "1144"]
[PlyCount "60"]
[EventDate "2021.??.??"]

1. e4 c5 2. c3 d5 3. e5 Nc6 4. d4 cxd4 5. cxd4 Bf5 6. Bd3 Bxd3 7. Qxd3 e6 8.
Ne2 Bb4+ 9. Bd2 Bxd2+ 10. Qxd2 Nge7 11. Nbc3 a6 12. Ng3 Rc8 13. Rd1 Qa5 14. h4
b5 15. a3 Qc7 16. Qg5 g6 17. h5 Kd7 18. Qf6 Rcf8 19. h6 Nf5 20. Nxf5 gxf5 21.
Rh5 Ne7 22. g3 Ng6 23. Rh1 Qd8 24. Qxd8+ Rxd8 25. f4 Rhg8 26. Kf2 Ne7 27. Rh4
Rg6 28. Kf3 Rc8 29. Rh3 Nc6 30. Ne2 Na5 1/2-1/2

[Event "MISTRZOSTWA MIEDZYWOJEWODZKIE JUNIOROW O"]
[Site "Pokrzywna, OW SUDETY"]
[Date "2021.??.??"]
[Round "3.7"]
[White "Kozik, Maksymilian"]
[Black "Bytomski, Borys"]
[Result "1-0"]
[WhiteElo "1181"]
[BlackElo "1183"]
[PlyCount "45"]
[EventDate "2021.??.??"]

1. e4 e5 2. Nf3 Nc6 3. d4 exd4 4. Nxd4 Bc5 5. Be3 Bb6 6. Nxc6 bxc6 7. Bxb6 cxb6
8. Nc3 d6 9. Bc4 Nf6 10. e5 Qe7 11. Qxd6 Qxd6 12. exd6 O-O 13. O-O-O Ng4 14. d7
Bb7 15. Rd2 Ne5 16. Bb3 Rad8 17. Re1 Ng6 18. g3 c5 19. Nb5 a6 20. Nc7 Bc6 21.
Rd6 Bb5 22. c4 Rxd7 23. Nxb5 1-0

[Event "MISTRZOSTWA MIEDZYWOJEWODZKIE JUNIOROW O"]
[Site "Pokrzywna, OW SUDETY"]
[Date "2021.??.??"]
[Round "3.8"]
[White "Sokolowski, Antoni"]
[Black "Nowara, Filip"]
[Result "1-0"]
[WhiteElo "1137"]
[BlackElo "1100"]
[PlyCount "60"]
[EventDate "2021.??.??"]

1. d4 e6 2. c4 f5 3. Nc3 Nf6 4. Nf3 c6 5. Bf4 d5 6. e3 Bd6 7. Bxd6 Qxd6 8. c5
Qe7 9. Bd3 O-O 10. a3 Nbd7 11. O-O Ne4 12. Qc2 Ndf6 13. Bxe4 fxe4 14. Ne5 Bd7
15. Nxd7 Qxd7 16. Qe2 Rf7 17. f3 exf3 18. Rxf3 Raf8 19. Raf1 Qc7 20. g4 g5 21.
e4 b6 22. b4 bxc5 23. dxc5 d4 24. Nb1 e5 25. Rf5 h6 26. Nd2 Kg7 27. Nc4 Nd7 28.
Nd6 Rxf5 29. Rxf5 Rxf5 30. Ne8+ Kg6 1-0

[Event "MISTRZOSTWA MIEDZYWOJEWODZKIE JUNIOROW O"]
[Site "Pokrzywna, OW SUDETY"]
[Date "2021.??.??"]
[Round "4.1"]
[White "Duda, Leon"]
[Black "Wierzbicki, Dawid"]
[Result "1/2-1/2"]
[WhiteElo "1407"]
[BlackElo "1603"]
[PlyCount "51"]
[EventDate "2021.??.??"]

1. e4 d5 2. exd5 Nf6 3. d4 Bg4 4. Be2 Bxe2 5. Nxe2 Qxd5 6. O-O Nc6 7. Qd3 O-O-O
8. c4 Qd7 9. Rd1 e5 10. d5 e4 11. Qb3 Ne5 12. Nbc3 Bc5 13. Be3 Bxe3 14. fxe3
Qg4 15. h3 Qh4 16. Rf1 Qg5 17. Nb5 Nf3+ 18. Kh1 Nd2 19. Nxa7+ Kb8 20. Nc6+ Kc8
21. Ne7+ Kb8 22. Nc6+ Kc8 23. Ne7+ Kb8 24. Nc6+ Kc8 25. Ne7+ Kb8 26. Nc6+
1/2-1/2

[Event "MISTRZOSTWA MIEDZYWOJEWODZKIE JUNIOROW O"]
[Site "Pokrzywna, OW SUDETY"]
[Date "2021.??.??"]
[Round "4.2"]
[White "Karwot, Marek"]
[Black "Rozek, Michal"]
[Result "1/2-1/2"]
[WhiteElo "1382"]
[BlackElo "1462"]
[PlyCount "60"]
[EventDate "2021.??.??"]

1. b3 d5 2. Bb2 Bg4 3. f3 Bf5 4. d4 e6 5. e3 Bd6 6. Bd3 Qh4+ 7. Kf1 Ne7 8. Qe1
Qxe1+ 9. Kxe1 Bxd3 10. cxd3 Nbc6 11. a3 O-O 12. Nd2 Ng6 13. f4 f6 14. Ngf3 e5
15. g3 Rfe8 16. Kf2 exf4 17. exf4 Kf7 18. Rhe1 Rxe1 19. Rxe1 Re8 20. Rxe8 Kxe8
21. Nb1 Nce7 22. Nc3 c6 23. Nd1 Kf7 24. Ne3 Nf8 25. Ke2 Nd7 26. Kd2 Nb6 27. Nh4
g6 28. Nf3 Nd7 29. Ne1 Kg7 30. Nf3 Kf7 1/2-1/2

[Event "MISTRZOSTWA MIEDZYWOJEWODZKIE JUNIOROW O"]
[Site "Pokrzywna, OW SUDETY"]
[Date "2021.??.??"]
[Round "4.3"]
[White "Wandor, Adam"]
[Black "Kozik, Maksymilian"]
[Result "1-0"]
[WhiteElo "1355"]
[BlackElo "1181"]
[PlyCount "71"]
[EventDate "2021.??.??"]

1. e4 e5 2. Nf3 Nf6 3. Nc3 Bb4 4. d3 d5 5. exd5 Nxd5 6. Bd2 Nxc3 7. Bxc3 Bxc3+
8. bxc3 O-O 9. Be2 Nc6 10. O-O h6 11. Re1 Be6 12. h3 Qf6 13. Nd2 Qg6 14. Bh5
Qf6 15. Bf3 Qg6 16. Be4 Bf5 17. Bxc6 bxc6 18. Qf3 Rfe8 19. Rab1 Bc8 20. Nc4 Qe6
21. Rxe5 Qd7 22. Qe4 Ba6 23. Re1 Rxe5 24. Nxe5 Qe6 25. Qxc6 Qxc6 26. Nxc6 Bb7
27. Na5 Bd5 28. c4 Be6 29. Re5 Rb8 30. Nb3 Rb6 31. Rc5 c6 32. Ra5 a6 33. c5 Rb5
34. Rxa6 Bxb3 35. axb3 Rxc5 36. c4 1-0

[Event "MISTRZOSTWA MIEDZYWOJEWODZKIE JUNIOROW O"]
[Site "Pokrzywna, OW SUDETY"]
[Date "2021.??.??"]
[Round "4.4"]
[White "Hryniewicz, Maciej"]
[Black "Niemczyk, Krzysztof"]
[Result "1-0"]
[WhiteElo "1291"]
[BlackElo "1316"]
[PlyCount "61"]
[EventDate "2021.??.??"]

1. e4 e5 2. Nf3 Nc6 3. Nc3 Nf6 4. Bb5 d6 5. O-O a6 6. Bxc6+ bxc6 7. h3 Be7 8.
d4 exd4 9. Nxd4 Bd7 10. f4 O-O 11. g4 g6 12. Kh2 c5 13. Nde2 Bc6 14. Ng3 Rb8
15. g5 Nd7 16. h4 Re8 17. h5 Nb6 18. Qg4 d5 19. f5 d4 20. fxg6 fxg6 21. Qe6+
Kh8 22. hxg6 Qd6 23. g7+ Kxg7 24. Qf7+ Kh8 25. Bf4 Rf8 26. Bxd6 Rxf7 27. Rxf7
Bxd6 28. Nce2 Bxe4 29. Rc1 Rg8 30. Nf4 Rxg5 31. Nxe4 1-0

[Event "MISTRZOSTWA MIEDZYWOJEWODZKIE JUNIOROW O"]
[Site "Pokrzywna, OW SUDETY"]
[Date "2021.??.??"]
[Round "4.5"]
[White "Dylong, Antoni"]
[Black "Banaczyk, Piotr"]
[Result "1-0"]
[WhiteElo "1525"]
[BlackElo "1265"]
[PlyCount "45"]
[EventDate "2021.??.??"]

1. e4 e6 2. d4 d5 3. Nd2 dxe4 4. Nxe4 Nd7 5. Nf3 Ngf6 6. Nxf6+ Nxf6 7. Bd3 Be7
8. Qe2 b6 9. Bg5 Bb7 10. O-O-O Qd6 11. Ne5 Nd7 12. Bxe7 Kxe7 13. Rd2 Qd5 14.
Bc4 Qxg2 15. Re1 Bd5 16. Nxd7 Kxd7 17. Bxd5 Qxd5 18. c4 Qg5 19. Qf3 Rhf8 20. d5
exd5 21. h4 Qh6 22. Qxd5+ Qd6 23. Qf5+ 1-0

[Event "MISTRZOSTWA MIEDZYWOJEWODZKIE JUNIOROW O"]
[Site "Pokrzywna, OW SUDETY"]
[Date "2021.??.??"]
[Round "4.6"]
[White "Zimny, Karol"]
[Black "Sokolowski, Antoni"]
[Result "0-1"]
[WhiteElo "1144"]
[BlackElo "1137"]
[PlyCount "78"]
[EventDate "2021.??.??"]

1. e4 c5 2. Nf3 d6 3. d4 cxd4 4. Nxd4 Nf6 5. Nc3 g6 6. Be3 Bg7 7. f3 Bd7 8. Qd2
Nc6 9. g4 Ne5 10. Be2 a6 11. h4 h5 12. g5 Nh7 13. f4 Ng4 14. Bxg4 Bxg4 15. Nde2
Qa5 16. Nd5 Qxd2+ 17. Kxd2 Rc8 18. Nec3 e6 19. Nb6 Bxc3+ 20. bxc3 Rc6 21. Rhe1
O-O 22. e5 dxe5 23. fxe5 Rd8+ 24. Kc1 Rxc3 25. Na4 Rc4 26. Nb6 Re4 27. Rb1 Bf3
28. Rb3 Rxh4 29. Bf2 Rf4 30. Bg3 Rf5 31. Nc4 Bc6 32. Nd6 Rf3 33. Rxf3 Bxf3 34.
Rf1 Bd5 35. Nxf7 Rf8 36. Nh6+ Kg7 37. Rf6 Nxg5 38. Bf4 Rxf6 39. exf6+ Kxf6 0-1